000 01186nam a2200289Ia 4500
001 ebr10074099
003 CaPaEBR
006 m u
007 cr cn|||||||||
008 000815s2004 enk s 000 0 eng d
020 _z1845440625
040 _aCaPaEBR
_cCaPaEBR
035 _a(OCoLC)567845668
050 1 4 _aHD31
_b.J68 2004eb
245 0 0 _aJournal of management history symposium
_h[electronic resource] :
_bthe influence of great works on management history /
_cGuest editor Jonathan Halsbesleben.
260 _aBradford, England :
_bEmerald Group Publishing,
_cc2004.
300 _a151 p.
490 1 _aManagement decision ;
_vv. 42, no. 10
533 _aElectronic reproduction.
_bPalo Alto, Calif. :
_cebrary,
_d2009.
_nAvailable via World Wide Web.
_nAccess may be limited to ebrary affiliated libraries.
650 0 _aManagement science.
650 0 _aManagement.
655 7 _aElectronic books.
_2local
700 1 _aHalsbesleben, Jonathan.
710 2 _aebrary, Inc.
830 0 _aManagement decision ;
_vv. 42, no. 10.
856 4 0 _uhttp://site.ebrary.com/lib/rucke/Doc?id=10074099
_zAn electronic book accessible through the World Wide Web; click to view
999 _c45053
_d45053